000 00652nam a2200277Ia 4500
005 20260324133746.0
008 008 260324s9999 xx 000 0 eng d
020 _a9780429236433
037 _aEBOOK
040 _aCRL
040 _beng
040 _cCRL
041 _2eng
041 _aeng
084 _qCRL
100 _aChar Miller
_91194282
245 4 _aThe Atlas of U.S. and Canadian Environmental History
260 _bTaylor and Francis
260 _c2003
365 _a
365 _b350
856 _uhttp://www.taylorfrancis.com/books/9780429236433
942 _cEBOOK
999 _c1793667
_d1793667